Molecular spectroscopy: modern research

Bibliographic Details
Corporate Author: ScienceDirect (Online service)
Other Authors: Rao, K. Narahari (Editor), Mathews, C. Weldon (Editor)
Format: eBook
Language:English
Published: New York, Academic Press, 1972-1985.
Subjects:
Online Access:Connect to the full text of this electronic book

MARC

Tag First Indicator Second Indicator Subfields
LEADER 00000cam a2200000 4500
001 in00005742221
005 20260326174319.5
006 m o d
007 cr bn||||||ada
008 100429m19721985nyua ob 001 0 eng d
040 |a OCLCE  |b eng  |e pn  |c OCLCE  |d OCLCQ  |d E7B  |d OPELS  |d IDEBK  |d OCLCF  |d OCLCQ  |d LEAUB  |d OCLCQ  |d OCLCO  |d OCL  |d OCLCQ  |d OCLCO  |d OCLCL  |d OCLCQ 
019 |a 755258256  |a 760309670  |a 760808633  |a 767547069  |a 777334941  |a 870420904  |a 1086503814 
020 |a 9780125806404  |q (electronic bk.) 
020 |a 012580640X  |q (electronic bk.) 
020 |z 0125806426  |q (v. 2) 
020 |z 9780125806428  |q (v. 2) 
035 |a (OCoLC)610083972  |z (OCoLC)755258256  |z (OCoLC)760309670  |z (OCoLC)760808633  |z (OCoLC)767547069  |z (OCoLC)777334941  |z (OCoLC)870420904  |z (OCoLC)1086503814 
042 |a dlr 
050 4 |a QC454  |b .M678 
050 4 |a Q454.M6  |b M678 1972 
060 4 |a QD 451  |b R215m 1972 
082 0 4 |a 535/.84 
049 |a TXAM 
245 0 0 |a Molecular spectroscopy: modern research  |c Edited by K. Narahari Rao and C. Weldon Mathews. 
260 |a New York,  |b Academic Press,  |c 1972-1985. 
300 |a 1 online resource (3 volumes)  |b illustrations 
336 |a text  |b txt  |2 rdacontent 
337 |a computer  |b c  |2 rdamedia 
338 |a online resource  |b cr  |2 rdacarrier 
504 |a Includes bibliographical references and index. 
538 |a Master and use copy. Digital master created according to Benchmark for Faithful Digital Reproductions of Monographs and Serials, Version 1. Digital Library Federation, December 2002.  |u http://purl.oclc.org/DLF/benchrepro0212  |5 MiAaHDL 
583 1 |a digitized  |c 2010  |h HathiTrust Digital Library  |l committed to preserve  |2 pda  |5 MiAaHDL 
588 0 |a Print version record. 
650 0 |a Molecular spectroscopy. 
650 0 |a Molecular spectra. 
650 2 |a Spectrum Analysis 
650 6 |a Molécules  |x Spectre. 
650 6 |a Spectroscopie moléculaire. 
650 7 |a Molecular spectra  |2 fast 
650 7 |a Molecular spectroscopy  |2 fast 
655 7 |a Electronic books.  |2 local 
700 1 |a Rao, K. Narahari,  |e editor. 
700 1 |a Mathews, C. Weldon,  |e editor. 
710 2 |a ScienceDirect (Online service) 
758 |i has work:  |a Molecular spectroscopy (Text)  |1 https://id.oclc.org/worldcat/entity/E39PCGBb7yPc7kXpqHtYv8YGd3  |4 https://id.oclc.org/worldcat/ontology/hasWork 
776 0 8 |i Print version:  |t Molecular spectroscopy: modern research.  |d New York, Academic Press, 1972-1985  |w (DLC) 72077728  |w (OCoLC)340576 
856 4 0 |u http://proxy.library.tamu.edu/login?url=https://www.sciencedirect.com/science/book/9780125806404  |z Connect to the full text of this electronic book  |t 0 
955 |a Elsevier ScienceDirect 2026-2027 
994 |a 92  |b TXA 
999 f f |i f1b33a16-0eb9-4f81-b3fc-8a17a76425e7  |s 96573ce5-5e4d-49f0-97a6-5c9745b173c4  |t 0 
952 f f |a Texas A&M University  |b College Station  |c Electronic Resources  |s www_evans  |d Available Online  |t 0  |e QC454 .M678  |h Library of Congress classification 
998 f f |a QC454 .M678  |t 0  |l Available Online